000 00403nam a2200169Ia 4500
008 210210b1965 xxu||||| |||| 00| 0 eng d
041 _aeng
082 _a825/419
100 _aHEM (Barua)
245 _aAssamese literature
260 _aNew Delhi
_bNational Book Trust
_c1965
650 _aliterature
650 _aAssmese
650 _aAssamese
690 _aEnglish Criticism
906 _a014735
999 _c133948
_d133948